000 00411nam a2200169Ia 4500
005 20250423100857.0
008 250422s9999 xx 000 0 und d
020 _a9783642300479
050 _aT 58.5 .R43/
100 _aReck
245 0 _aScientific research in information systems : a beginner's guide
260 _aHeidelberg
260 _bSpringer
260 _c2013
300 _a162 p
942 _cBK
999 _c34611
_d34611